[Event "Donetzk zt"]
[Site "Donetsk"]
[Date "1998.11.13"]
[Round "11"]
[White "Berelovich, Aleksandar"]
[Black "Nechaev, Andrei"]
[Result "1/2-1/2"]
[WhiteElo "2495"]
[BlackElo "2330"]

1.e4 c5 2.c3 Nf6 3.e5 Nd5 4.d4 cxd4 5.Nf3 e6 6.cxd4 b6 7.Nc3 Nxc3 8.bxc3 Qc7
9.Bd2 d6 10.Bd3 Nd7 11.O-O Bb7 12.Ng5 dxe5 13.Qh5 g6 14.Qh3 Be7 15.Rfe1 Bd5
16.Rac1 Bc4 17.Qf3 O-O 18.Nxf7 Rad8 19.Qe2 Bxd3 20.Nh6+ Kg7 21.Qxd3 Nf6 22.Qh3 Bd6
23.Bg5 Rde8 24.Re2 Ng8 25.Rce1 exd4 26.Nxg8 Kxg8 27.Rxe6 Rxe6 28.Qxe6+ Kg7
29.cxd4 Bxh2+ 30.Kh1 Rf5 31.Qe7+ Qxe7 32.Rxe7+ Kf8 33.Kxh2 Rxg5 34.Rxa7 Rg4
35.Ra4 Ke7 36.Rb4 Kd7 37.f3 Rh4+ 38.Kg3 g5 39.Rxb6 Rxd4 40.Ra6 Ke7 41.a4 Kf7
42.a5 Ra4 43.Ra8 Kg7 44.a6 h5 45.Kh3 Ra3 46.Kh2 Ra2 47.a7 h4 48.Kg1 g4 49.fxg4 Kh7
50.Kf1 Kg7 51.Ke1 Kh7 52.Kd1 Kg7 53.Kc1 Kh7 54.Kb1 Ra6 55.Kb2 Kg7 56.Kb3 Ra1
57.Kb4 Rb1+ 58.Kc5 Ra1 59.Kc6 Rc1+ 60.Kd6 Ra1 61.Ke5 Ra5+ 62.Kf4 Kh7 63.g5 Ra2
64.Rd8 Rxa7 65.Kg4 Ra2 66.Kh5 Rxg2 67.Rd7+ Kg8 68.Kh6 h3 69.g6 Kf8 70.Rf7+ Kg8
71.Rg7+ Kf8 72.Rh7 Kg8 73.Ra7 Kf8 74.Ra8+ Ke7 75.Kg7 h2 76.Rh8 Ke6 77.Rh5 Ke7
78.Rh6 Ke6 79.Kf8 h1=Q  1/2-1/2

[Event "AUT-chT2O 9899"]
[Site "AUT"]
[Date "1998.11.15"]
[Round "4"]
[White "Wadsack, Winfried"]
[Black "Pfeiffer, Gregor"]
[Result "1/2-1/2"]
[WhiteElo "2185"]
[BlackElo "2135"]

1.e4 c5 2.c3 Nf6 3.e5 Nd5 4.d4 cxd4 5.Nf3 Nc6 6.Bc4 Nb6 7.Bb3 d6 8.exd6 Qxd6
9.cxd4 Be6 10.Be3 Bxb3 11.Qxb3 Qb4+ 12.Nc3 Qxb3 13.axb3 Nb4 14.O-O N6d5 15.Rfc1 a6
16.Nxd5 Nxd5 17.Ra4 g6 18.Rac4 Bg7 19.Rc5 e6 20.Kf1 f6 21.Ne1 Kd7 22.Nd3 b6
23.R5c4 Rhc8 24.Nf4 Nxe3+ 25.fxe3 Rxc4 26.bxc4 f5 27.b3 Kd6 28.c5+ bxc5 29.dxc5+ Ke5
30.Ke2 a5 31.Ra1 g5 32.Nd3+ Kd5 33.Ra4 Rb8 34.Rxa5 Rxb3 35.Ra7 Bf8 36.Rd7+ Kc6
37.Rd8 Be7 38.Ra8 e5 39.Nxe5+ Kxc5 40.Nd3+ Kd5 41.Ra5+ Ke6 42.Ra6+ Kf7 43.Ne5+ Kg7
44.Nd3 Bf6 45.h3 Rb1 46.Ra5 Kg6  1/2-1/2

[Event "SVK-chT2A 9899"]
[Site "SVK"]
[Date "1998.11.15"]
[Round "4"]
[White "Rezak, Milan"]
[Black "Kozinka, Roman"]
[Result "1-0"]
[WhiteElo "2041"]
[BlackElo "1991"]

1.e4 c5 2.c3 Nf6 3.e5 Nd5 4.Nf3 d6 5.Bc4 e6 6.O-O Be7 7.d4 cxd4 8.cxd4 O-O
9.Nc3 Nxc3 10.bxc3 dxe5 11.Nxe5 Nd7 12.f4 Qc7 13.Qd3 Nf6 14.Bd2 b6 15.Bb3 Bb7
16.Rae1 Bd6 17.f5 Bxe5 18.dxe5 Rad8 19.Qe2 Qc5+ 20.Kh1 Ne4 21.Be3 Qxe5 22.Bd4 Qd6
23.Qg4 e5 24.Rxe4 Bxe4 25.Be3 Qd3 26.Re1 Bxf5 27.Qh4 Qxc3 28.Bg5 Rd4 29.Qf2 Re4
30.Rc1 Qb4 31.Bd2 Qd4 32.Qxf5 Qxd2 33.Qxf7+  1-0

[Event "Wch U20 Girls"]
[Site "Calicut"]
[Date "1998.11.19"]
[Round "3"]
[White "Ratcu, Tatiana"]
[Black "Sheldon, Ruth"]
[Result "1/2-1/2"]
[WhiteElo "2195"]
[BlackElo "2220"]

1.e4 c5 2.c3 Nf6 3.e5 Nd5 4.d4 cxd4 5.Qxd4 e6 6.Nf3 Nc6 7.Qe4 f5 8.Qe2 Qc7
9.g3 Nde7 10.Nbd2 Ng6 11.Nc4 b5 12.Nd6+ Bxd6 13.exd6 Qxd6 14.Qxb5 a5 15.Be3 Rb8
16.Qe2 f4 17.Rd1 Qe7 18.Bc1 O-O 19.Bg2 Bb7 20.O-O Rf7 21.h4 Rf5 22.g4 Rf7
23.Ng5 Nxh4 24.Nxf7 Nxg2 25.Nd6 Ba8 26.f3 Nh4 27.b3 Ng6 28.c4 Nce5 29.Ne4 Qh4
30.Qf2 Qh3 31.Qg2 Nxf3+ 32.Rxf3 Qxg2+ 33.Kxg2 Bxe4 34.Kf2 Bxf3 35.Kxf3 Rd8
36.Bd2 a4 37.Ba5 Ra8 38.b4  1/2-1/2

[Event "Tanta op"]
[Site "Tanta"]
[Date "1998.11.19"]
[Round "4"]
[White "Hassan, Sayed Barakat"]
[Black "Abou el Zein, Eid Mahmoud"]
[Result "0-1"]
[WhiteElo "2330"]
[BlackElo "2325"]

1.e4 c5 2.c3 Nf6 3.e5 Nd5 4.Nf3 Nc6 5.d4 cxd4 6.cxd4 d6 7.exd6 Qxd6 8.Nc3 e6
9.Bc4 Be7 10.O-O O-O 11.Re1 Nxc3 12.bxc3 b6 13.Ng5 h6 14.Ne4 Qc7 15.Bd3 f5
16.Nd2 Bf6 17.Nb3 e5 18.d5 e4 19.Bb5 Ne5 20.d6 Qf7 21.Nd4 Kh7 22.f4 Nc4 23.Bc6 Bd7
24.Bxa8 Rxa8 25.Qb3 Qd5 26.Be3 Rc8 27.Rad1 Qa5 28.Qb4 Qa6 29.a4 Nxe3 30.Rxe3 Rc4
31.Qb2 Rxa4 32.h3 Qc8 33.Qb3 Rc4 34.Kh1 a6 35.Qa3 b5 36.Ne2 Ra4 37.Qb3 Rc4
38.Qa3 Qc6 39.Qa5 Qc5 40.Nd4  0-1

[Event "Wch U20 Girls"]
[Site "Calicut"]
[Date "1998.11.20"]
[Round "4"]
[White "Khamrakulova, Iroda"]
[Black "Krush, Irina"]
[Result "0-1"]
[WhiteElo "2145"]
[BlackElo "2275"]

1.e4 c5 2.c3 Nf6 3.e5 Nd5 4.d4 cxd4 5.Nf3 e6 6.cxd4 b6 7.a3 Be7 8.Bd3 Ba6
9.O-O O-O 10.Re1 Bxd3 11.Qxd3 Nc6 12.Nbd2 f5 13.exf6 Bxf6 14.Ne4 h6 15.Ng3 Qe8
16.Ne5 Bxe5 17.dxe5 Nce7 18.Re4 Qg6 19.Qe2 Kh8 20.Rg4 Qf7 21.Bd2 Rac8 22.Rf1 Rc2
23.Qd1 Rc7 24.f4 Nf5 25.Rf3 Nxg3 26.Rfxg3 Qh5 27.Qe1 Rf7 28.h3 Qf5 29.Rf3 Rc4
30.Kh2 Qc2 31.b4 Rd4 32.Rf2 Qd3 33.Rg3 Qc4 34.Rgf3 Rd3 35.Rxd3 Qxd3 36.Rf3 Qc4
37.Qc1 Qe4 38.Qf1 Rf8 39.Qc1 Kh7 40.Rf1 g6 41.Rf3 g5 42.fxg5 Rxf3 43.gxf3 Qxe5+
44.Kg2 Ne7 45.gxh6 Qe2+ 46.Kg3 Nf5+ 47.Kg4 Qg2+ 48.Kf4 Qg3+ 49.Ke4 d5+ 50.Kd3 Qxf3+
51.Kc2 Nd4+ 52.Kb1 Qd3+  0-1

[Event "Wch U20 Girls"]
[Site "Calicut"]
[Date "1998.11.25"]
[Round "8"]
[White "Khamrakulova, Iroda"]
[Black "Bekiarisova, Alena"]
[Result "1-0"]
[WhiteElo "2145"]
[BlackElo "2175"]

1.e4 c5 2.c3 Nf6 3.e5 Nd5 4.Nf3 Nc6 5.d4 cxd4 6.cxd4 d6 7.Be2 g6 8.O-O Bg7
9.Na3 O-O 10.exd6 Qxd6 11.Nc4 Qc7 12.Be3 b5 13.Ncd2 Nxe3 14.fxe3 Bh6 15.Qb3 Rb8
16.Rac1 Qb6 17.Kh1 Na5 18.Qa3 Be6 19.b4 Nb7 20.Ne5 Rbc8 21.Bf3 Nd6 22.Rfe1 Bg7
23.Nc6 Rc7 24.d5 Bd7 25.Nxe7+ Kh8 26.Rxc7 Qxc7 27.Rc1 Qb6 28.Nc6 a6 29.Qd3 Re8
30.e4 Qf2 31.Rf1 Qh4 32.g3 Qh6 33.Nb3 Bh3 34.Re1 Nf5 35.Rg1 Ne3 36.Nc5 Bf8
37.d6 Bf1 38.d7 Bxd3 39.dxe8=Q Nf1 40.Rxf1 Bxf1 41.Ne5 Bc4 42.Ncd3 Kg8 43.Nf4 Bxa2
44.Nd7 g5 45.Nh5 g4 46.Bxg4 Qc1+ 47.Kg2  1-0

[Event "Owens Corning"]
[Site "Wrexham"]
[Date "1998.11.25"]
[Round "8"]
[White "Thorhallsson, Throstur"]
[Black "Jansa, Vlastimil"]
[Result "1/2-1/2"]
[WhiteElo "2495"]
[BlackElo "2490"]

1.e4 c5 2.c3 Nf6 3.e5 Nd5 4.Nf3 e6 5.d4 cxd4 6.cxd4 b6 7.Nc3 Nxc3 8.bxc3 Qc7
9.Bd2 Be7 10.Rc1 Bb7 11.Bd3 d6 12.O-O Nd7 13.Bf4 O-O 14.Re1 Rad8 15.Re3 g6
16.Be4 Bxe4  1/2-1/2

[Event "Sisak"]
[Site "Sisak"]
[Date "1998.11.26"]
[Round "9"]
[White "Vrkljan, Ivan"]
[Black "Videki, Sandor"]
[Result "0-1"]
[WhiteElo "2165"]
[BlackElo "2420"]

1.e4 c5 2.c3 Nf6 3.e5 Nd5 4.d4 cxd4 5.Nf3 Nc6 6.cxd4 d6 7.Bc4 dxe5 8.dxe5 Ndb4
9.Qb3 e6 10.O-O Na5 11.Bb5+ Bd7 12.Qa4 Nac6 13.Bg5 f6 14.exf6 gxf6 15.Bd2 a6
16.Bxc6 Bxc6 17.Qb3 Qd5 18.Qxd5 Bxd5 19.Nc3 Bxf3 20.gxf3 Nc2 21.Rad1 Nd4
22.f4 Nf3+ 23.Kg2 Nxd2 24.Rxd2 Rd8 25.Rxd8+ Kxd8 26.Rd1+ Kc7 27.f5 exf5 28.Nd5+ Kc6
29.b3 Rg8+ 30.Kf3 Rg6 31.h3 Rh6 32.Kg2 Bd6 33.Rd3 b5 34.Ne3 Rg6+ 35.Kf3 Rg5
36.Nd5 Rh5 37.Kg2 Rg5+ 38.Kf3 Rg6 39.Ne3 f4 40.Nf5 Bc5 41.h4 h5 42.Nd4+ Kb6
43.Nf5 Rg1 44.Rd2 a5 45.Kxf4 Rg4+ 46.Kf3 a4 47.bxa4 Rxa4 48.Ne3 Bxe3 49.fxe3 Rxh4
50.Rd6+ Kc5 51.Rxf6 Rh2 52.Ra6 h4 53.Rh6 Rxa2 54.Rxh4 b4 55.Rh8 b3 56.Rc8+ Kb4
57.Rb8+ Kc3 58.Rc8+ Kd2 59.Rb8 b2 60.Kf4 Ra4+ 61.e4 Kc3  0-1

[Event "Wch U20 Girls"]
[Site "Calicut"]
[Date "1998.11.27"]
[Round "10"]
[White "Riznar, Helena"]
[Black "Dworakowska, Joanna"]
[Result "0-1"]
[WhiteElo "2025"]
[BlackElo "2390"]

1.e4 c5 2.c3 Nf6 3.e5 Nd5 4.d4 cxd4 5.Nf3 Nc6 6.cxd4 d6 7.exd6 Qxd6 8.Nc3 g6
9.Bc4 Nb6 10.Bb3 Bg7 11.Be3 O-O 12.h3 Be6 13.Bxe6 Qxe6 14.O-O Rfd8 15.Re1 Qd7
16.Qe2 Rac8 17.Rad1 Nd5 18.Ne5 Qe8 19.Nxd5 Rxd5 20.f4 Rcd8 21.Nf3 e6 22.Qf2 Qd7
23.Re2 Nxd4 24.Nxd4 Bxd4 25.Bxd4 Rxd4 26.Rde1 Qd6 27.g3 h5 28.h4 b6 29.Kh2 Rd1
30.Rxd1 Qxd1 31.Qe3 Rc8 32.Rg2 Rc1 33.Rg1 Qxg1+ 34.Qxg1 Rxg1 35.Kxg1 Kg7
36.Kf2 Kf6 37.Kf3 Kf5 38.b4 b5 39.a3 a6 40.Kf2 Kg4  0-1

[Event "Wch U20 Girls"]
[Site "Calicut"]
[Date "1998.11.27"]
[Round "10"]
[White "Werner, Isabel"]
[Black "Shah, Pallavi G"]
[Result "1-0"]
[WhiteElo "2195"]
[BlackElo "2130"]

1.e4 c5 2.c3 Nf6 3.e5 Nd5 4.d4 cxd4 5.Nf3 e6 6.cxd4 b6 7.Nc3 Nxc3 8.bxc3 Qc7
9.Bd2 Bb7 10.Bd3 d6 11.O-O Nd7 12.Ng5 dxe5 13.Qh5 g6 14.Qh3 Be7 15.Rfe1 Rf8
16.Qxh7 Nf6 17.Qh3 O-O-O 18.Nxf7 Rxf7 19.Qxe6+ Kb8 20.Qxf7 Bd5 21.Qg7 Ng4
22.f3 Rg8 23.Qh7 Nf6 24.Qh6 Qd8 25.dxe5 Rh8 26.Qf4 Nh5 27.Qg4 g5 28.Rad1 Nf4
29.Bxf4 Rh4 30.Qf5 Rxf4 31.Qg6 Bf7 32.Qc6 Bc5+ 33.Kh1 Rh4 34.Bf5 Qh8 35.h3 g4
36.Bxg4  1-0

[Event "National Congress 29th"]
[Site "Philadelphia"]
[Date "1998.11.27"]
[Round "1"]
[White "Colding, Ernest"]
[Black "Meyer, Eugene B"]
[Result "0-1"]
[WhiteElo "2210"]
[BlackElo "2465"]

1.e4 c5 2.c3 Nf6 3.e5 Nd5 4.b4 cxb4 5.c4 Nc7 6.d4 d5 7.f4 Nc6 8.Be3 Bf5 9.c5 e6
10.Nf3 Be7 11.Nbd2 O-O 12.Be2 a6 13.O-O Nb5 14.Nb1 h6 15.a4 bxa3 16.Bxb5 axb5
17.Nxa3 b4 18.Nb5 Rxa1 19.Qxa1 Bd3 20.Na7 Na5 21.Rf2 Qc7 22.Ra2 b6 23.Rd2 bxc5
24.dxc5 Bxc5 25.Bxc5 Qxc5+ 26.Kh1 Ra8 27.Ne1 Bc4  0-1

[Event "Iona Tech Masters"]
[Site "Kilkenny"]
[Date "1998.11.28"]
[Round "3"]
[White "Jackson, Sheila"]
[Black "O'Connell, Gerard"]
[Result "1-0"]
[WhiteElo "2165"]
[BlackElo "2180"]

1.e4 c5 2.c3 Nf6 3.e5 Nd5 4.d4 cxd4 5.Nf3 Nc6 6.Bc4 Nb6 7.Bb3 d6 8.exd6 Qxd6
9.O-O Be6 10.Bxe6 Qxe6 11.Nxd4 Nxd4 12.Qxd4 Rd8 13.Qf4 Qc6 14.Nd2 e6 15.Qg3 h5
16.Nf3 h4 17.Nxh4 Be7 18.Nf3 Bf6 19.Bg5 Nd5 20.Rad1 O-O 21.c4 Qxc4 22.Rxd5 Rxd5
23.Bxf6 g6 24.Ne5  1-0

[Event "NRW-Liga II 9899"]
[Site "GER"]
[Date "1998.12.03"]
[Round "3"]
[White "Zaitsev, Mikhail"]
[Black "Morawietz, Dieter"]
[Result "1-0"]
[WhiteElo "2265"]
[BlackElo "2425"]

1.e4 c5 2.c3 Nf6 3.e5 Nd5 4.d4 cxd4 5.Qxd4 e6 6.Nf3 Nc6 7.Qe4 f5 8.Qe2 Qc7
9.g3 b6 10.Bg2 Ncb4 11.Qd1 Ba6 12.cxb4 Nxb4 13.Nc3 Nd3+ 14.Kd2 Rc8 15.Bf1 Nxf2
16.Bxa6 Nxd1 17.Rxd1 Rb8 18.Ke2 b5 19.a4 b4 20.Nb1 Bc5 21.Nbd2 O-O 22.Bd3 d6
23.exd6 Qxd6 24.Nc4 Qe7 25.Nce5 Qe8 26.Bc4 h6 27.b3 Kh7 28.Bb2 a5 29.Nd7 Rb7
30.Nxc5 Rc7 31.Nd3 Qa8 32.Kf2 f4 33.g4 Rxc4 34.bxc4 Qe4 35.Bd4 Rd8 36.Nde5 b3
37.Re1 Qb7 38.Rab1 g5 39.c5 Rxd4 40.Nxd4 Qb4  1-0

[Event "Autumn Int"]
[Site "Tel Aviv"]
[Date "1998.12.08"]
[Round "1"]
[White "Erenburg, Sergey"]
[Black "Yeke, Serkan"]
[Result "1-0"]
[WhiteElo "2310"]
[BlackElo "2160"]

1.e4 c5 2.c3 Nf6 3.e5 Nd5 4.d4 cxd4 5.Nf3 Nc6 6.Bc4 Nb6 7.Bb3 d6 8.exd6 Qxd6
9.O-O Be6 10.Na3 Bxb3 11.Qxb3 e6 12.Rd1 Qd5 13.Nb5 O-O-O 14.Nxa7+ Nxa7 15.Qxb6 Bc5
16.Qa5 Nc6 17.Qa8+ Kc7 18.Qa4 e5 19.cxd4 Nxd4 20.Nxd4 Bxd4 21.Be3 Kb8 22.Rxd4 exd4
23.Bf4+ Rd6 24.Qd7  1-0

[Event "Boavista Challenge"]
[Site "Porto"]
[Date "1998.12.09"]
[Round "7"]
[White "Camejo, Rui"]
[Black "Ferreira, Paolo"]
[Result "1-0"]
[WhiteElo "2295"]
[BlackElo "2205"]

1.e4 c5 2.c3 Nf6 3.d3 Nc6 4.g3 d6 5.Bg2 e6 6.f4 Qc7 7.Na3 a6 8.Nf3 Be7 9.O-O d5
10.e5 Nd7 11.Nc2 b5 12.Kh1 Nb6 13.d4 Bd7 14.dxc5 Na4 15.f5 Nxc5 16.fxe6 Bxe6
17.Nfd4 Ne4 18.Nxe6 fxe6 19.Nd4 Nxd4 20.cxd4 h5 21.Be3 g5 22.a4 Qd7 23.Qd3 Rc8
24.Bxe4 dxe4 25.Qxe4 g4 26.axb5 Qxb5 27.Kg1 h4 28.d5 exd5 29.Qg6+ Kd8 30.Bb6+ Kd7
31.Rac1 Rc4 32.Rxc4 Qxc4 33.Qf5+ Kc6 34.Qe6+ Kb5 35.Qxe7 hxg3 36.Qd7+ Kxb6
37.Rf6+ Ka5 38.b4+ Qxb4 39.Qxd5+  1-0

[Event "Autumn Int"]
[Site "Tel Aviv"]
[Date "1998.12.10"]
[Round "4"]
[White "Erenburg, Sergey"]
[Black "Botvinnik, Mikhail2"]
[Result "1-0"]
[WhiteElo "2310"]
[BlackElo "2205"]

1.e4 c5 2.c3 Nf6 3.e5 Nd5 4.d4 cxd4 5.Nf3 e6 6.cxd4 d6 7.Bc4 Nb6 8.Bb3 dxe5
9.Nxe5 Nc6 10.Nxc6 bxc6 11.O-O Be7 12.Nc3 O-O 13.Be3 Ba6 14.Re1 Nd5 15.Qf3 Qa5
16.Ne4 Bd3 17.Nc5 Bg6 18.Rec1 Rac8 19.Qe2 Rfe8 20.Rc4 Qb6 21.Nd7 Qa6 22.Rac1 Red8
23.Ne5 Be4 24.Qh5 g6 25.Qh3 Nf6 26.Ra4 Qb7 27.Nxf7 Kxf7 28.Qxe6+ Kg7 29.Qf7+ Kh8
30.Bg5 Rd6 31.Be6 Rxe6 32.Qxe6 Nd5 33.Bxe7 Qxe7 34.Qxe7 Nxe7 35.Re1 c5 36.d5 Bc2
37.Rc4 Bd3 38.Rc3  1-0

[Event "AUT-chT2M 9899"]
[Site "Austria"]
[Date "1998.12.13"]
[Round "5"]
[White "Wuppinger, Manfred"]
[Black "Kramer, Gerhard"]
[Result "0-1"]
[WhiteElo "2185"]
[BlackElo "2155"]

1.e4 c5 2.c3 Nf6 3.e5 Nd5 4.d4 cxd4 5.Qxd4 e6 6.Nf3 Nc6 7.Qe4 d6 8.Bb5 Bd7
9.c4 Nb6 10.exd6 Bxd6 11.O-O Qe7 12.Bg5 f6 13.Be3 Bc5 14.Nc3 a6 15.Bxc6 Bxc6
16.Bxc5 Bxe4 17.Bxe7 Bxf3 18.Bxf6 gxf6 19.gxf3 Rg8+ 20.Kh1 Nxc4 21.Ne4 Ke7
22.b3 Ne5 23.f4 Nd3 24.Rad1 Rad8 25.Rg1 Rg6 26.Rd2 Rxg1+ 27.Kxg1 f5 28.Ng5 h6
29.Nh3 Nxf4 30.Rxd8 Nxh3+ 31.Kg2 Kxd8 32.Kxh3 Ke7 33.Kh4 Kf6 34.Kh5 Kg7 35.f4 b5
36.a4 Kf6 37.Kxh6 bxa4 38.bxa4 e5 39.fxe5+ Kxe5 40.Kg7 f4 41.h4 f3 42.h5 f2
43.h6 f1=Q 44.h7 Qf6+ 45.Kg8 Qg6+ 46.Kh8 Kf6  0-1

[Event "BL2-O9899"]
[Site "Germany"]
[Date "1998.12.13"]
[Round "3.2"]
[White "Rechel, Bernd"]
[Black "Heidrich, Manfred"]
[Result "1-0"]
[WhiteElo "2365"]
[BlackElo "2420"]

1.e4 c5 2.c3 Nf6 3.e5 Nd5 4.d4 cxd4 5.Nf3 Nc6 6.cxd4 d6 7.Bc4 Nb6 8.Bb3 dxe5
9.d5 Nb4 10.Nc3 e6 11.Bg5 Be7 12.Bxe7 Kxe7 13.Nxe5 N6xd5 14.Nxd5+ Nxd5 15.O-O Nf6
16.Qc1 Kf8 17.Qf4 Qe7 18.Rac1 Ne8 19.Rfd1 f6 20.h4 Kg8 21.Nf3 g6 22.Qd4 b6
23.Qd8 Qxd8 24.Rxd8 Bb7 25.Bxe6+ Kf8 26.Rd7 Be4 27.Nd2 Bf5 28.Rf7+ Kg8 29.Bb3  1-0

[Event "Oberliga Sued W9899"]
[Site "Wuertemberg"]
[Date "1998.12.13"]
[Round "4"]
[White "Roth, Lothar"]
[Black "Baumstark, Thomas"]
[Result "1-0"]
[WhiteElo "2210"]
[BlackElo "2150"]

1.e4 c5 2.c3 Nf6 3.e5 Nd5 4.d4 cxd4 5.cxd4 e6 6.Nc3 Nxc3 7.bxc3 d6 8.f4 dxe5
9.fxe5 Qh4+ 10.g3 Qe4+ 11.Kf2 Qxh1 12.Nf3 Bd7 13.Qe2 Bc6 14.Bg2 Qxg2+ 15.Kxg2 Be7
16.Kg1 O-O 17.Bg5 Bxg5 18.Nxg5 Nd7 19.Qd3 g6 20.Ne4 Rad8 21.Qe3 f5 22.exf6 Nxf6
23.Nxf6+ Rxf6 24.Rf1 Rxf1+ 25.Kxf1 Bd5 26.a4 a6 27.Ke2 Rc8 28.h4 Rf8 29.Qg5 Rf5
30.Qe7 Rf7 31.Qd6 Bc4+ 32.Ke3 Bd5 33.g4 Rf3+ 34.Kd2 Rf2+ 35.Ke1 Rf3 36.Qd8+ Rf8
37.Qc7 Rf7 38.Qc5 Rf4 39.c4 Re4+ 40.Kf2 Bc6 41.Kg3 Kg7 42.a5 Re3+ 43.Kf4 Re4+
44.Kg3 Re3+ 45.Kf2 Re4 46.g5 Rf4+ 47.Kg3 Rf3+ 48.Kg4 Rf8 49.Qd6 Bf3+ 50.Kg3 Bc6
51.Qc7+ Kg8 52.Qe7 Rf3+ 53.Kh2  1-0

[Event "Clichy"]
[Site "Clichy"]
[Date "1998.12.17"]
[Round "6"]
[White "Bergez, Luc"]
[Black "Relange, Eloi"]
[Result "0-1"]
[WhiteElo "2420"]
[BlackElo "2490"]

1.e4 c5 2.c3 Nf6 3.e5 Nd5 4.d4 cxd4 5.Nf3 Nc6 6.cxd4 d6 7.Bc4 Nb6 8.Bb3 dxe5
9.d5 Na5 10.Nc3 Nxb3 11.Qxb3 e6 12.Nxe5 exd5 13.Be3 Bd6 14.O-O-O O-O 15.Rhe1 Be6
16.Qb5 Bxe5 17.Bxb6 axb6 18.Rxe5 Qc7 19.f4 Rxa2 20.Rd4 Ra1+ 21.Kd2 Qc5 22.Qd3 g6
23.Qe3 Kh8 24.g4 Bxg4 25.Rexd5 Qc7 26.Rd6 Kg8 27.Qe5 Qc5 28.Qe4 Qh5 29.Nd5 Kg7
30.Qe5+ Qxe5 31.fxe5 h5 32.Ne3 Rh1 33.Nxg4 hxg4 34.Rxb6 Rxh2+ 35.Ke3 Re8
36.Kf4 Re2 37.Rxb7 R8xe5 38.b4 g5+ 39.Kxg4 Kg6 40.Rd6+ f6 41.Rbb6 R5e4+ 42.Kf3 R4e3+  0-1

[Event "BEL-chT9899"]
[Site "Antwerp"]
[Date "1998.12.20"]
[Round "5"]
[White "Henris, Luc"]
[Black "Knoppert, Erik G J"]
[Result "1-0"]
[WhiteElo "2255"]
[BlackElo "2385"]

1.e4 c5 2.c3 Nf6 3.e5 Nd5 4.d4 cxd4 5.Nf3 Nc6 6.Bc4 Nb6 7.Bb3 d5 8.exd6 Qxd6
9.Na3 a6 10.O-O e6 11.Qe2 Be7 12.Rd1 Bf6 13.Nc2 O-O 14.Ncxd4 Nxd4 15.Nxd4 Qc7
16.Qe4 Bd7 17.Bf4 e5 18.Bg3 g6 19.Nf3 Rae8 20.Re1 Bc6 21.Qe3 Nd7 22.Rad1 Re7
23.h4 Rfe8 24.h5 Nf8 25.hxg6 hxg6 26.Bh4 Nh7 27.Bxf6 Nxf6 28.Qh6 Nh7 29.Ng5 Nxg5
30.Qxg6+ Kh8 31.Qf6+ Kh7 32.Qxg5 Rg8 33.Qh5+ Kg7 34.Re3 Kf8 35.Qh6+ Ke8 36.Rg3 Rf8
37.Rg7 a5 38.Rh7  1-0

[Event "Gudmundur Arason op 4th"]
[Site "Hafnarfjordur"]
[Date "1998.12.20"]
[Round "7"]
[White "Jensson, Einar Hjalti"]
[Black "Vidarsson, Jon G"]
[Result "0-1"]
[WhiteElo "2185"]
[BlackElo "2375"]

1.e4 c5 2.c3 Nf6 3.e5 Nd5 4.d4 cxd4 5.Nf3 e6 6.cxd4 b6 7.Nc3 Be7 8.Nxd5 exd5
9.Be2 O-O 10.O-O d6 11.Qb3 Be6 12.Bf4 Nc6 13.Qa4 Na5 14.Rac1 a6 15.exd6 Bxd6
16.Bxd6 Qxd6 17.Ne5 f6 18.Nd3 Rac8 19.Nb4 Bd7 20.Qa3 Nc4 21.Qc3 b5 22.b3 a5
23.Nc2 Na3 24.Qd2 Nxc2 25.Rxc2 Rxc2 26.Qxc2 Rc8 27.Qd2 b4 28.Rc1 Rxc1+ 29.Qxc1 Qb6
30.Qc5 Qxc5 31.dxc5 Kf7 32.Bd3 Ke6 33.Bxh7 Ke5 34.Kf1 Kd4 35.Ke2 Kxc5 36.Bg8 Bb5+
37.Kd1 Kd4 38.Kd2 Kc5 39.f4 Kd4 40.Bh7 Bf1 41.g3 Bg2 42.Bf5 Be4 43.Be6 Bb1
44.Kc1 Bg6 45.Kd2 Ke4 46.Bg4 Be8 47.Be2 a4 48.bxa4 Bxa4 49.Ba6 Bd7 50.Ke2 Kd4
51.Kd2 Bf5 52.h4 Bb1 53.g4 Ke4 54.g5 Kxf4 55.gxf6 gxf6 56.Bc8 Bxa2 57.Kd3 Ke5
58.Kc2 d4 59.h5 Bg8 60.h6 f5 61.Ba6 b3+ 62.Kb2 Ke4 63.Bc4 Bh7 64.Kxb3 Ke3
65.Kc2 f4+ 66.Kd1 d3 67.Ke1 d2+ 68.Kd1 Bg6 69.Be2 Bc2+ 70.Kxc2 Kxe2 71.h7 d1=Q+
72.Kc3 Qa1+ 73.Kc4 Qh8 74.Kd5 Qxh7 75.Ke5 f3 76.Kd4 Qd7+ 77.Kc4 f2  0-1

[Event "Groningen op"]
[Site "Groningen"]
[Date "1998.12.24"]
[Round "5"]
[White "Jonkman, Harmen"]
[Black "Aagaard, Jacob"]
[Result "0-1"]
[WhiteElo "2310"]
[BlackElo "2420"]

1.e4 c5 2.c3 Nf6 3.e5 Nd5 4.Nf3 Nc6 5.Bc4 Nb6 6.Bb3 g6 7.d4 cxd4 8.Ng5 d5
9.exd6 e6 10.Ne4 Bg7 11.O-O O-O 12.Re1 Kh8 13.Na3 a5 14.cxd4 a4 15.Bc4 Nxc4
16.Nxc4 b5 17.Ne5 Nxe5 18.dxe5 Bxe5 19.Bg5 f6 20.Bh6 Rf7 21.Ng5 Rd7 22.Nxe6 Qb6
23.Rxe5 fxe5 24.Bf8 Rf7 25.Nc7 Qxf2+ 26.Kh1 Bb7 27.Qg1 Raxf8 28.h3 Qg3  0-1

[Event "Trinec op"]
[Site "Trinec"]
[Date "1998.12.26"]
[Round "1"]
[White "Dekker, Theo"]
[Black "Voloshin, Leonid"]
[Result "0-1"]
[WhiteElo "2215"]
[BlackElo "2440"]

1.e4 c5 2.c3 Nf6 3.e5 Nd5 4.d4 cxd4 5.cxd4 e6 6.Nc3 Nxc3 7.bxc3 Qc7 8.Bd2 d6
9.Nf3 Nd7 10.exd6 Bxd6 11.Bd3 b6 12.O-O Bb7 13.h3 O-O 14.Qe2 Bf4 15.Bxf4 Qxf4
16.Qe3 Qc7 17.Rfe1 Nf6 18.Rac1 Nd5 19.Qd2 Qf4 20.Qxf4 Nxf4 21.Be4 Bxe4 22.Rxe4 Nd5
23.c4 Rac8 24.Ree1 Nb4 25.Re2 Rc7 26.a3 Nd3 27.Rc3 Nf4 28.Rec2 Rfc8 29.c5 Nd5
30.Rb3 f6 31.Re2 bxc5 32.dxc5 e5 33.Rc2 Rxc5 34.Rxc5 Rxc5 35.Rb7 Rc1+ 36.Kh2 Rc7
37.Rb8+ Kf7 38.Nd2 Nc3 39.g4 Ke6 40.Re8+ Kf7 41.Rb8 Kg6 42.Kg3 Ne2+ 43.Kh2 Rc3
44.Rb3 Rxb3 45.Nxb3 Kf7 46.Kg2 Ke6 47.Kf3 Nf4 48.h4 Kd5 49.Na5 Ne6 50.Ke3 Nd4
51.Kd3 Nf3 52.Kc3 Nxh4 53.Kb4 f5 54.Kb5 fxg4 55.a4 Nf5 56.Ka6 h5 57.Kxa7 h4  0-1

[Event "Ambassador op"]
[Site "Bern"]
[Date "1998.12.28"]
[Round "4"]
[White "Landenbergue, Claude"]
[Black "Gofshtein, Leonid D"]
[Result "1/2-1/2"]
[WhiteElo "2410"]
[BlackElo "2500"]

1.e4 c5 2.c3 Nf6 3.e5 Nd5 4.d4 cxd4 5.Nf3 e6 6.cxd4 d6 7.Bc4 Bd7 8.O-O Bc6
9.Re1 Be7 10.Nc3 dxe5 11.Nxe5 O-O 12.Qg4 Nf6 13.Qh3 Qxd4 14.Bg5 Nbd7 15.Nxd7 Bxd7
16.Bd3 h6 17.Rad1 Qc5 18.Be3 Qa5 19.Bxh6 Qh5 20.Qxh5 Nxh5 21.Be3 Nf6 22.Bg5 Bc6
23.Bb5 Rfc8 24.Re2 Bxb5 25.Nxb5 Rc5 26.Bxf6 Bxf6 27.Nd6 Rd8 28.g3 Rc7 29.f4 Be7
30.Red2 Rxd6 31.Rxd6 Bxd6 32.Rxd6 Rc1+ 33.Kg2 Rc2+ 34.Kf3 Rxb2 35.Rd8+ Kh7
36.Rd7 a5 37.a4 f5 38.h3 Kg6 39.g4 Rb3+ 40.Kg2 Rb4 41.Kg3 fxg4 42.hxg4 b6
43.Rd6 Kf7 44.Rd7+ Kf6 45.g5+ Kg6 46.Re7 e5 47.Rxe5 Kf7 48.f5 Rxa4 49.Re6 Rb4
50.Rc6 a4  1/2-1/2

[Event "Stavanger op 9899"]
[Site "Stavanger"]
[Date "1998.12.28"]
[Round "5"]
[White "Fossan, Erik"]
[Black "Hersvik, Daniel"]
[Result "1-0"]
[WhiteElo "2400"]
[BlackElo "2080"]

1.e4 c5 2.c3 Nf6 3.e5 Nd5 4.d4 cxd4 5.Nf3 e6 6.cxd4 b6 7.Bd3 Bb4+ 8.Bd2 Bxd2+
9.Qxd2 Ba6 10.Be4 Nc6 11.Nc3 Nxc3 12.bxc3 d5 13.exd6 Qxd6 14.Ne5 Nxe5 15.Bxa8 Nd3+
16.Kd1 Qa3 17.Be4 Qa4+ 18.Ke2 Nc5+ 19.Ke3 Nxe4 20.Kxe4 e5 21.Ke3 Qc6 22.dxe5 Qxg2
23.Qd6 Bb7 24.Rhd1 Qf3+ 25.Kd2 Qd5+ 26.Qxd5 Bxd5 27.Ke3 Be6 28.a4 Ke7 29.a5 b5
30.Rab1 Bc4 31.Rd6 Rc8 32.Rg1 g6 33.Rb1 Rc5 34.Kd4 Rc7 35.f4 h5 36.Rb2 Bf1
37.Rf2 Rc4+ 38.Ke3 Bh3 39.Kd2 Bc8 40.Rd4 Rc6 41.Rb4 a6 42.c4 Rxc4 43.Rxc4 bxc4
44.Kc3 Ke6 45.Kxc4 Kf5 46.Kd4 Kg4 47.Ke3 h4 48.Rc2 Bb7 49.Rc7 Bd5 50.Ra7 Kh3
51.Rxa6 Kxh2 52.Rd6 Bg2 53.e6 fxe6 54.Rxe6  1-0

[Event "Rilton Cup 9899"]
[Site "Stockholm"]
[Date "1998.12.29"]
[Round "2"]
[White "Bergstrom, Rolf"]
[Black "Bellon Lopez, Juan Manuel"]
[Result "1/2-1/2"]
[WhiteElo "2295"]
[BlackElo "2490"]

1.e4 c5 2.c3 Nf6 3.e5 Nd5 4.d4 cxd4 5.Nf3 e6 6.cxd4 d6 7.Bc4 Bd7 8.O-O Bc6
9.Qe2 Nd7 10.Bd2 Be7 11.Nc3 Nxc3 12.Bxc3 O-O 13.Rfe1 dxe5 14.Nxe5 Nxe5 15.dxe5 Bc5
16.Qg4 b5 17.Bb3 Qb6 18.Qh4 Rfd8 19.Rad1 b4 20.Bd2 Rd4 21.Qg3 h5 22.Bf4 Rad8
23.h3 Bb7 24.Bh6 g6 25.Be3 Rxd1 26.Rxd1 Rxd1+ 27.Bxd1 Bxe3 28.Qxe3 Qxe3 29.fxe3 Bd5
30.a3 bxa3 31.bxa3 Kf8 32.Kf2 Ke7 33.Bf3 a5 34.h4 f6 35.e4 Bb3 36.exf6+ Kxf6
37.Ke3 Ke5 38.g3 Bc2 39.Bg2 Bb1 40.Bf3 Bc2 41.Bg2 Ba4 42.Bf1 Bc6 43.Bd3 Be8
44.Bc2 Bb5 45.Bb1 Ba4 46.Bd3 Bb3 47.Bb1 Kd6 48.Kd4 e5+ 49.Kc3 Bf7 50.Bc2 Kc5
51.Ba4 Kb6 52.Bd7 Kc5 53.Ba4 Kb6 54.Bd7 Ka6 55.Ba4 Kb6 56.Bd7  1/2-1/2

[Event "Ambassador op"]
[Site "Bern"]
[Date "1998.12.30"]
[Round "7"]
[White "Montavon, Gerard"]
[Black "Summermatter, Daniel"]
[Result "0-1"]
[WhiteElo "2090"]
[BlackElo "2315"]

1.e4 c5 2.c3 Nf6 3.e5 Nd5 4.d4 cxd4 5.Nf3 e6 6.cxd4 b6 7.Nc3 Nxc3 8.bxc3 Qc7
9.Bb2 Bb7 10.Bd3 d6 11.O-O Nd7 12.c4 dxe5 13.d5 Be7 14.dxe6 fxe6 15.Ng5 O-O-O
16.Nxe6 Qc6 17.Qg4 Rde8 18.c5 h5 19.Qh3 g5 20.Nxg5 Bxg5 21.cxb6 Kb8 22.bxa7+ Ka8
23.a4 Rhg8 24.Bb5 Qe4 25.Rfe1 Be3 26.Rxe3 Rxg2+ 27.Kf1 Rg1+ 28.Ke2 Qc2+  0-1